000 00463nam a2200181 a 4500
001 14058
003 CO-ViMGA
008 141112s2004 ck r 000 u spa d
020 _a8422604779
040 _aCO-ViMGA
_bspa
_cCO-ViMGA
082 0 4 _a808.883 P734p
245 1 0 _aPreguntale a Alicia.
260 _aBarcelona :
_bcirculo de lectores,
_c1973
300 _a164
650 1 4 _aDIARIOS INTIMOS
_91345
650 1 4 _aLECTURA DE DIARIOS
_920546
942 _2ddc
_cBK
999 _c24759
_d24759